Music Quiz

Random Music or Bands Quiz

4x4 Grid Match: Music Quiz Stats

 Plays Quiz Updated Jun 24, 2018

Challenge
Share
Tweet
Score 0/16 Timer 04:00
16 Plays Today
% Correct
Freddie Mercury
96.4%
Bono
95.5%
Robert Plant
84.4%
Michael Stipe
82.9%
Jimmy Page
82.4%
The Edge
80.2%
Brian May
79%
John Bonham
68.7%
% Correct
John Paul Jones
66.8%
John Deacon
58.3%
Adam Clayton
56.4%
Peter Buck
54.8%
Larry Mullen Jr.
51.6%
Roger Taylor
50.1%
Mike Mills
47.3%
Bill Berry
45.2%

You're not logged in!

Compare scores with friends on all Sporcle quizzes.
OR
Log In

You Might Also Like...

Show Comments

Extras

Top Quizzes Today


Score Distribution

Your Account Isn't Verified!

In order to create a playlist on Sporcle, you need to verify the email address you used during registration. Go to your Sporcle Settings to finish the process.

Report this User

Report this user for behavior that violates our Community Guidelines.

Details: